000 00673nam a2200229Ia 4500
003 OSt
005 20220923222020.0
006 a|||||r|||| 00| 0
007 ta
008 220922b |||||||| |||| 00| 0 hin d
024 _a201,664
037 _cTextual
040 _aARTS
_cARTS
_bhin
041 _2hin
_ahin
082 _aO168v2:N, 152J1.1-.4
100 _aगोयलीय, अयोध्याप्रसाद
245 0 _aशेर ओ सुखन
246 _aSher o sukhana
260 _c1985
942 _hO168v2:N, 152J1.1-.4
_cTEXL
_2CC
999 _c353317
_d353317